000 00500nam a2200217Ia 4500
005 20250425161051.0
008 250425s9999 xx 000 0 und d
020 _a842670462X
041 _aspa
082 _a621.475
100 _aMOMPIN POBLET, JOSE
245 0 _aENERGIA SOLAR FOTOVOLTAICA
250 _a1A ED.
260 _aBARCELONA
260 _aEspaƱa
_bMARCOMBO
_c1983
300 _a270
650 _aENERGIA
650 _aENERGIA FOTOVOLTAICA
942 _c01
010 _a11772
999 _c201766
_d201766